| 000 | 01216nam a22002417a 4500 | ||
|---|---|---|---|
| 008 | 230622s2022 xxk|||||o|||| 00| 0 eng d | ||
| 041 | _aeng | ||
| 110 | _aRoyal Institution of Chartered Surveyors | ||
| 245 |
_aDilapidations in England and Wales, _bA clear impartial guide _h[Electronic resource] |
||
| 260 |
_aLondon, _bRoyal Institution of Chartered Surveyors, _c26 April 2022 |
||
| 300 | _a16p. | ||
| 490 | _aRICS Consumer Guide | ||
| 520 | _aThis guide provides information for tenants and landlords on things to consider when dealing with a dilapidations claim made by a landlord at or near the end of the lease term. It focuses on the basics of the dilapidations process only and does not deal specifically with leases that end because of the exercising of a break clause. | ||
| 650 | _aDILAPIDATIONS | ||
| 650 | _aLANDLORD AND TENANT | ||
| 650 | _aRESIDENTIAL PROPERTY | ||
| 651 | _aUnited Kingdom | ||
| 690 |
_96266 _aResidential property |
||
| 690 |
_96235 _aDilapidations |
||
| 710 | _aRoyal Institution of Chartered Surveyors | ||
| 856 |
_uhttps://www.ricsfirms.com/residential/maintenance/rics-consumer-guide-dilapidations/ _zAvailable on rics.org/consumerguides |
||
| 942 | _n0 | ||
| 999 |
_c121547 _d121547 |
||